Εμπράγματον δίκαιον

Αποθηκεύτηκε σε:
Λεπτομέρειες βιβλιογραφικής εγγραφής
Κύριος συγγραφέας: Βαβούσκος, Κωνσταντίνος Αν., 1921-
Μορφή: Βιβλίο
Γλώσσα:Greek
Δημοσίευση: Θεσσαλονίκη : Σάκκουλα, 1986
Έκδοση:6η έκδ.
Θέματα:
Ετικέτες: Προσθήκη ετικέτας
Δεν υπάρχουν, Καταχωρήστε ετικέτα πρώτοι!

MARC

LEADER 00000nam a2200000 i 4500
001 1/46693
008 960307s1986 gre d
035 |l 10026366 
040 |a GR-MY-UA  |b gre  |e aacr 
041 0 |a gre 
082 0 |a 346.043 
100 1 |a Βαβούσκος, Κωνσταντίνος Αν.,   |d 1921- 
245 1 0 |a Εμπράγματον δίκαιον /  |c Κωνσταντίνος Α. Βαβούσκος 
250 |a 6η έκδ. 
260 |a Θεσσαλονίκη :   |b Σάκκουλα,   |c 1986 
300 |a 456 σ. 
650 0 0 |a Real property  |z Greece. 
852 |a INST  |b CHIOS  |e 19960307  |h 346.043 ΒΑΒ  |p 005200000662  |q 005200000662  |t BK  |y 0 
909 |a Χ  |b 018654